000
00411nam a22001337a 4500
003
SGT
020
_a
9789385936401
082
_a
080
_b
A16D
100
_a
देव, संदीप
245
_a
आशुतोष महाराज : महायोगी का महारहस्य
260
_b
ब्लूम्सबैरी पब्लिशिंग
_c
2016
300
_a
239
942
_2
ddc
_c
BK
999
_c
31639
_d
31639